|
|
|
|
| LEADER |
00000naa2a2200000 4500 |
| 001 |
576164 |
| 005 |
20231101130226.0 |
| 035 |
|
|
|a (RuTPU)RU\TPU\prd\275226
|
| 035 |
|
|
|a RU\TPU\prd\131747
|
| 090 |
|
|
|a 576164
|
| 100 |
|
|
|a 20180205b1935 k y0rusy50 ca
|
| 101 |
0 |
|
|a rus
|
| 102 |
|
|
|a RU
|
| 200 |
1 |
|
|a Проблема золотоносности пиритизированных сланцев Лено-Витимского района
|f В. А. Обручев
|
| 320 |
|
|
|a Библиогр.: с. 69 (9 назв.)
|
| 461 |
|
1 |
|0 (RuTPU)RU\TPU\prd\918
|t Проблемы советской геологии
|d 1933-1937
|
| 463 |
|
1 |
|0 (RuTPU)RU\TPU\prd\21105
|t Т. 5, № 1
|v С. 60-69
|d 1935
|
| 610 |
1 |
|
|a сланцы
|
| 610 |
1 |
|
|a золотоносность
|
| 610 |
1 |
|
|a Лено-Витимский район
|
| 610 |
1 |
|
|a геологические исследования
|
| 610 |
1 |
|
|a пириты
|
| 610 |
1 |
|
|a кварцы
|
| 610 |
1 |
|
|a анализ
|
| 610 |
1 |
|
|a труды учёных ТПУ
|
| 700 |
|
1 |
|a Обручев
|b В. А.
|c российский геолог
|c профессор Томского технологического института
|c исследователь Сибири, Центральной и Средней Азии
|c географ
|f 1863-1956
|g Владимир Афанасьевич
|2 stltpush
|3 (RuTPU)RU\TPU\pers\996
|
| 801 |
|
0 |
|a RU
|b 63413507
|c 20011210
|g PSBO
|
| 801 |
|
2 |
|a RU
|b 63413507
|c 20180205
|g PSBO
|
| 942 |
|
|
|c BK
|